000 00521nam a2200181Ia 4500
003 GCL
008 140319s9999 xx 000 0 ara d
040 _aGCL /
_cGCL
082 0 4 _a257
_bم هـ
100 1 _aمحمد عمارة
245 1 0 _aهل الاسلام هو الحل ? ولماذا وكيف ? /
_cمحمد عمارة
300 _a205 ص
490 _a
650 0 4 _aالنظام السياسى
650 0 4 _aالاسلام والسياسة
650 0 4 _aالنظام الاجتماعى
942 _2ddc
_cBK
999 _c46205
_d46205